000 00894nam a2200229 i 4500
001 177888
003 ES-MaACL
005 20251220171943.0
008 110505s1961 mx |||| | spa d
080 _a530.145
100 1 _aBroglie, Louis de.
_9149861
245 1 0 _aExamen de la mecánica cuántica /
_cLouis de Broglie, Vladimir A. Fok.
260 _aMéxico :
_bUniversidad Nacional de México,
_c1961.
300 _ap. 199-255 ;
_c21 cm.
490 1 _aSeminario de Problemas Científicos y Filosóficos. Suplementos ;
_v2ª serie ;
_v29
650 0 7 _aMecánica cuántica
_2embne
_914872
700 1 _aFok, Vladimir A.
_9146374
710 2 _aUniversidad Nacional Autónoma de México.
_97397
830 0 _aSeminario de Problemas Científicos y Filosóficos. Suplementos
_v2ª serie ;
_v29
_9190619
852 _aES-MaACL
_j2297-F-36
_xOlim P-902
999 _c177888
_d177888